Statistics for Gradovi Hrvatske - fotografije

Click here to take the quiz!

General Stats

  • This quiz has been taken 754 times
  • The average score is 7 of 12

Answer Stats

Answer% Correct
Pula
98%
Zagreb
94%
Dubrovnik
93%
Zadar
82%
Rijeka
73%
Varaždin
59%
Osijek
49%
Vukovar
38%
Slavonski Brod
28%
Karlovac
20%
Gospić
19%
Čakovec
17%

Score Distribution

Percentile by Number Answered

Percent of People with Each Score

Your Score History

You have not taken this quiz